书目信息 |
| 题名: |
“一带一路”视野下妈祖文化传承发展研究
|
|
| 作者: | 宋建晓 主编 | |
| 分册: | 亚洲卷 | |
| 出版信息: | 北京 人民出版社 2021 |
|
| 页数: | 19,376页 | |
| 开本: | 24cm | |
| 丛书名: | ||
| 单 册: | ||
| 中图分类: | B933 | |
| 科图分类: | ||
| 主题词: | 神--文化传播--研究 , 神--文化传播--研究--亚洲 | |
| 电子资源: | ||
| ISBN: | 978-7-01-021769-7 | |
| 000 | 01251nam0 2200253 450 | |
| 001 | 2163409578 | |
| 005 | 20211116173739.98 | |
| 010 | @a978-7-01-021769-7@dCNY78.00 | |
| 100 | @a20210705d2021 em y0chiy50 ea | |
| 101 | 0 | @achi |
| 102 | @aCN@b110000 | |
| 105 | @ay z 000yy | |
| 200 | 1 | @a“一带一路”视野下妈祖文化传承发展研究@9“yi dai yi lu”shi ye xia ma zu wen hua chuan cheng fa zhan yan jiu@i亚洲卷@f宋建晓主编 |
| 210 | @a北京@c人民出版社@d2021 | |
| 215 | @a19,376页@d24cm | |
| 300 | @a2018年度国家社科基金特别委托项目“‘一带一路’与妈祖文化传承发展研究”资助成果 | |
| 330 | @a本书着重从文化地理学与文化历史学的视角,考察“一带一路”倡议下“海丝”亚洲段国家和地区妈祖文化传承发展的状况。本书的资料主要来源于厦门大学、莆田学院图书馆,以及得到湄洲岛国家旅游度假区管委会、中华妈祖文化交流协会、湄洲妈祖祖庙董事会、贤良港妈祖祖祠董事会等单位的无私支持,还有来自兄弟院校、海外、港澳台妈祖研究人员、业界人士提供,以及通过本项目成员田野调查而获得的。建立在资料分析的基础上,再进行描述性、解释性与对策性研究。 | |
| 606 | 0 | @a神@x文化传播@x研究 |
| 606 | 0 | @a神@x文化传播@x研究@y亚洲 |
| 610 | 0 | @a妈祖 |
| 690 | @aB933@v5 | |
| 701 | 0 | @a宋建晓@9song jian xiao@f(1972-)@4主编 |
| 801 | 0 | @aCN@b山东中教@c20211112 |
| 905 | @aZUCC@dB933@e14:1 | |
| “一带一路”视野下妈祖文化传承发展研究.亚洲卷/宋建晓主编.-北京:人民出版社,2021 |
| 19,376页;24cm |
| 2018年度国家社科基金特别委托项目“‘一带一路’与妈祖文化传承发展研究”资助成果 |
| ISBN 978-7-01-021769-7:CNY78.00 |
| 本书着重从文化地理学与文化历史学的视角,考察“一带一路”倡议下“海丝”亚洲段国家和地区妈祖文化传承发展的状况。本书的资料主要来源于厦门大学、莆田学院图书馆,以及得到湄洲岛国家旅游度假区管委会、中华妈祖文化交流协会、湄洲妈祖祖庙董事会、贤良港妈祖祖祠董事会等单位的无私支持,还有来自兄弟院校、海外、港澳台妈祖研究人员、业界人士提供,以及通过本项目成员田野调查而获得的。建立在资料分析的基础上,再进行描述性、解释性与对策性研究。 |
| ● |
| 相关链接 |
|
|
|
正题名:"一带一路"视野下妈祖文化传承发展研究
索取号:B933/14:1
 
预约/预借
| 序号 | 登录号 | 条形码 | 馆藏地/架位号 | 状态 | 备注 |
| 1 | 2000888553 | 2000888553 | 第三书库/ [索取号:B933/14:1] | 在馆 | |
| 2 | 2000888554 | 2000888554 | 第三书库/ [索取号:B933/14:1] | 在馆 | |
| 3 | 2000888555 | 2000888555 | 第三书库/ [索取号:B933/14:1] | 在馆 |